|
|
|
|
| LEADER |
00000cam a2200000 i 4500 |
| 001 |
1/53372 |
| 008 |
941103s1985 gr | ||| |||| ||gre|| |
| 035 |
|
|
|a 1993
|c ΒΙΒΛΙΟΘΗΚΗ
|l 10044689
|
| 040 |
|
|
|a GR-MyUA
|b gre
|e AACR2
|
| 041 |
0 |
|
|a gre
|
| 082 |
0 |
|
|a 516.373
|
| 100 |
1 |
|
|a Ηλιόπουλος, Ερμής-Ανδρέας.
|
| 245 |
1 |
0 |
|a Εισαγωγή στη γεωμετρία του Riemann /
|c Ε.-Α. Ηλιοπούλου, Φ. Γουλή-Ανδρέου.
|
| 260 |
|
|
|a Θεσσαλονίκη :
|b Ζήτη,
|c 1985.
|
| 300 |
|
|
|a 116 σ. ;
|c 24 εκ.
|
| 504 |
|
|
|a Περιλαμβάνει βιβλιογραφικές αναφορές.
|
| 650 |
0 |
0 |
|a Geometry, Riemannian.
|
| 700 |
1 |
|
|a Γουλή-Ανδρέου, Φλωρεντία.
|
| 852 |
|
|
|a INST
|b SAMOS
|e 19941103
|h 516.373 ΗΛΙ
|p 005300003046
|q 005300003046
|t BK
|y 0
|
| 852 |
|
|
|a INST
|b SAMOS
|e 19980520
|h 516.373 ΗΛΙ
|p 005300011478
|q 005300011478
|t BK
|y 0
|
| 852 |
|
|
|a INST
|b SAMOS
|e 19980520
|h 516.373 ΗΛΙ
|p 005300011506
|q 005300011506
|t BK
|y 23
|
| 852 |
|
|
|a INST
|b SAMOS
|e 19980520
|h 516.373 ΗΛΙ
|p 005300011507
|q 005300011507
|t BK
|y 0
|
| 901 |
|
|
|a BIBL-1998-2
|
| 909 |
|
|
|a Σ
|b 030458
|
| 909 |
|
|
|a Σ
|b 049911
|
| 909 |
|
|
|a Σ
|b 049912
|
| 909 |
|
|
|a Σ
|b 049913
|
| 922 |
|
|
|a 3ΕΛΗ
|b 199805
|c ΚΠΣ
|d EMVASIS
|